000 00618nam a2200205Ii 4500
001 7412
003 CO-ViMGA
008 241108s9999||||xx |||||||||||||| ||und||
040 _aCO-ViMGA
_bspa
_erda
_cCO-ViMGA
041 0 _aunk
082 0 4 _a928.1-V152g
100 1 _aAlberto Duarte French
_953304
245 1 0 _aGuillermo Valencia
264 1 _a[Lugar de publicación no identificado] : Instituto Colombiano de Cultura, 1973
300 _avolumen
336 _atext
_btxt
_2rdacontent
337 _aunmediated
_bn
_2rdamedia
338 _avolume
_bnc
_2rdacarrier
940 _aidficha_siabuc: 7241. -- ficha_no_siabuc:7412
999 _c49880
_d49880